La segunda oportunidad de las personas naturales (Registro nro. 171534)

Detalles MARC
000 -LEADER
fixed length control field 03227nam a22002777a 4500
007 - PHYSICAL DESCRIPTION FIXED FIELD--GENERAL INFORMATION
fixed length control field cr|||| ||||
008 - FIXED-LENGTH DATA ELEMENTS--GENERAL INFORMATION
fixed length control field 220509s2021 es |||||s|||| 00||0 spa d
020 ## - INTERNATIONAL STANDARD BOOK NUMBER
International Standard Book Number 978-84-122827-7-1
035 ## -
-- 35608
040 ## - CATALOGING SOURCE
Original cataloging agency vLex
090 ## -
-- 13298
-- 13298
100 1# - MAIN ENTRY--PERSONAL NAME
Personal name Puigcerver Asor, Carlos
245 12 - TITLE STATEMENT
Title La segunda oportunidad de las personas naturales
Medium [Recurso electrónico] :
Remainder of title Real Decreto Legislativo 1/2020, de 5 de mayo, por el que se aprueba el texto refundido /
Statement of responsibility, etc Carlos Puigcerver Asor, Federico Adan Domenech
256 ## -
-- Servicio en línea
260 ## - PUBLICATION, DISTRIBUTION, ETC. (IMPRINT)
Place of publication, distribution, etc Barcelona:
Name of publisher, distributor, etc J.M. Bosch Editor,
Date of publication, distribution, etc 2021
300 ## - PHYSICAL DESCRIPTION
Extent 1 recurso electrónico
500 ## - GENERAL NOTE
General note Han transcurrido ya más de cinco años desde la entrada en vigor del Real Decreto-Ley 1/2015, de 27 de febrero, de mecanismo de segunda oportunidad, reducción de carga financiera y otras medidas de orden social. Texto normativo en el cual se defiende que una persona física, a pesar de un fracaso económico empresarial o personal, tenga la posibilidad de encarrilar nuevamente su vida e incluso de arriesgarse a nuevas iniciativas, sin tener que arrastrar indefinidamente una losa de deuda que nunca podrá satisfacer. Partiendo de este objetivo, el legislador instauró un mecanismo extrajudicial y judicial que sirviese de cauce para solucionar, o, cuanto menos, aligerar la situación de insolvencia en la que se encuentra inmerso el deudor, mecanismo conocido como la segunda oportunidad. Sin embargo, si bien la voluntad del legislador resultó ser loable y «cargada» de buenas intenciones, no es menos cierto que, eran muchas las voces autorizadas que denunciaban que la regulación de esta institución, pecaba de inconcreción y de lagunas legislativas que creaban incerteza e inseguridad jurídica. La regulación de la segunda oportunidad es modificada y actualizada en el nuevo texto concursal. Así, el Real Decreto Legislativo 1/2020, de 5 de mayo, por el que aprueba el texto refundido de la Ley Concursal, concede una nueva regulación legislativa al mecanismo de la segunda oportunidad. Ante esta realidad, en el presente trabajo, pretendemos analizar la nueva regulación y dar soluciones a las cuestiones de mayor problemática, que en la práctica presenta el mecanismo de la segunda oportunidad. Finalmente, dedicaremos el último capítulo a analizar la regulación que sobre la segunda oportunidad se contiene en la Directiva UE 2019/1023 y algunos de los cambios más relevantes que ha de suponer en nuestra regulación nacional como consecuencia de su necesaria trasposición que deberá realizarse, conforme al artículo 34 Directiva, antes del 17 de julio de 2021.
506 1# - RESTRICTIONS ON ACCESS NOTE
Terms governing access Disponible solo en los productos indicados
Authorized users vLex Global
-- vLex Global (Academic Edition, excluding Law Schools)
-- vLex Global (U.S. Academic Edition, Law Schools)
-- vLex Global (U.S. Academic Edition, excluding Law Schools)
-- vLex Global (Academic Edition, Law Schools)
650 04 - SUBJECT ADDED ENTRY--TOPICAL TERM
Topical term or geographic name as entry element Derecho Mercantil y de la Empresa
Geographic subdivision España
650 04 - SUBJECT ADDED ENTRY--TOPICAL TERM
Topical term or geographic name as entry element Derecho Procesal
Geographic subdivision España
700 1# - ADDED ENTRY--PERSONAL NAME
Personal name Domenech, Federico Adan
740 0# -
-- vLex Libros (Servicio en línea)
856 40 - LOCALIZACIÓN Y ACCESO ELECTRÓNICO
Identificador Uniforme del Recurso (URI/URL) https://app.vlex.com/#/sources/35608
942 ## -
-- RAA
999 ## -
-- 171534
-- 171534

No hay ítems disponibles.


CONTACTO


NOSOTROS


SITIOS DE INTERES

coordinacion.biblioteca.biblioteca@unienlinea.mx Misión, Visión y Objetivos Bases de datos
Directorio Bibliotecas Digitales y Repositorios
Normatividad Revistas y artículos
Convenios interbibliotecarios
Boletines



Hecho en México. Universidad Insurgentes (UIN). Todos los derechos reservados 2024. Esta página y sus contenidos pueden ser reproducidos con fines no lucrativos, siempre y cuando no se mutile, se cite la fuente completa y su dirección electrónicas. De otra forma requiere permiso previo por escrito de la institución




2024 Copyright Universidad Insurgentes | www.bibliouin.com.mx